| 000 | 00624nam a22001937a 4500 | ||
|---|---|---|---|
| 005 | 20250624124518.0 | ||
| 010 | _aENG-145525 | ||
| 020 |
_c400.00 _a9789389658958 |
||
| 035 | _aEN-129057 | ||
| 037 | _bDBAD/PUB | ||
| 082 | _a363.34 | ||
| 100 |
_aSelvaraju, R. _982285 |
||
| 245 |
_aChild -Centered Disaster Risk: _bEmerging Issues In Social Protection/ _cR. Selvaraju |
||
| 250 | _a1 | ||
| 260 |
_aMadurai _bShanlax Publication _c2020 |
||
| 270 |
_bTamil Nadu _a61,66 T.P.K.Main Road Vasantha Nagar _e625003 _k04524208765 _k7639303383 |
||
| 300 |
_a 145vpp. _c22cm(pbk) |
||
| 942 |
_2ddc _cEN _h363.34 _mSEL |
||
| 999 |
_c211922 _d211922 |
||